| 000 | 00471cam a2200181ua 4500 | ||
|---|---|---|---|
| 041 |
_aeng _h |
||
| 082 |
_a821 _bSAM/BI |
||
| 100 | _aSamuel, M S . | ||
| 245 | 0 | 0 |
_aBirds of paradise: Poetical selections for college classes / _cM S Samuel. _hTextual Documents |
| 260 |
_aChennai : _bMcMillan and company , _c1973. |
||
| 300 | _a180 ; . | ||
| 504 | _a | ||
| 942 | _cBK | ||
| 999 |
_c5215 _d5215 |
||